000 00626nam a2200241 a 4500
999 _c5096
_d5096
001 5096
003 BD-JhCC
005 20221201134023.0
008 171209s1972 si |||| || | 001 0 eng d
035 _a(BD-JhCC)5096
040 _aBD-JhCC
_dBD-JhCC
041 _aeng
082 _a515.076
_bAYR 1972
100 _aAyres, Frank
245 _aDifferential Equations in Si Metric Units /
_cFrank Ayres,
260 _aSingapure :
_bSchaum's Outline Series,
_c1972
300 _a293 p. :
_c23 cm.
650 _aCalculus
650 _aDifferention Calculus
700 _aAult, J C
942 _2ddc
_cBK
_02